000 004190000a22001570004500
020 _a84-8280-179-1
041 0 _aSPA
082 0 4 _aG 842.45 R121f
100 1 _aRacine, Jean
245 1 0 _aFedra y otras tragedias / Jean Racine ; Flor Robles Villafranca, Traductor
260 _aBogotá : Oveja Negra
300 _a239 Pag
440 0 _aColección Historia Universal de la Literatura
001 13330
942 _cBK
999 _c42311
_d42311